书目信息 |
| 题名: |
政治地理学
|
|
| 作者: | 王恩涌...[等] 编著 | |
| 分册: | ||
| 出版信息: | 北京 高等教育出版社 1998.4 |
|
| 页数: | 436页 | |
| 开本: | 16开 | |
| 丛书名: | 面向21世纪课程教材 | |
| 单 册: | ||
| 中图分类: | K901.4 | |
| 科图分类: | ||
| 主题词: | 地理 | |
| 电子资源: | ||
| ISBN: | 7-04-006583-5 | |
| 000 | 00749nam0 2200229 45 | |
| 001 | 0103261426 | |
| 005 | 20031219104049.2 | |
| 010 | @a7-04-006583-5@dCNY29.10 | |
| 100 | @a20010326d1998 km y0chiy0120 ea | |
| 101 | 0 | @achi |
| 105 | @a z 000yy | |
| 200 | 1 | @a政治地理学@AZheng Zhi Di Li Xue@e时空中的政治格局@EShi Kong Zhong De Zheng Zhi Ge Ju@f王恩涌...[等]编著@FWang En Yong...[Deng]Bian Zhu |
| 210 | @a北京@c高等教育出版社@d1998.4 | |
| 215 | @a436页@d16开 | |
| 225 | @a面向21世纪课程教材 | |
| 410 | @12001 @a面向21世纪课程教材 | |
| 517 | @a时空中的政治格局@AShi Kong Zhong De Zheng Zhi GeJu | |
| 606 | 0 | @a地理 |
| 690 | @aK901.4@v1 | |
| 701 | 0 | @a王恩涌...[等]@4编著 |
| 801 | @aCN@bTSTC@c20010326 | |
| 905 | @b296093-097@dK901.4@e81@f5 | |
| 政治地理学:时空中的政治格局/王恩涌...[等]编著.-北京:高等教育出版社,1998.4 |
| 436页;16开.-(面向21世纪课程教材) |
| ISBN 7-04-006583-5:CNY29.10 |
| ● |
| 相关链接 |
|
|
|
|
正题名:政治地理学
索取号:K901.4/81
 
预约/预借
| 序号 | 登录号 | 条形码 | 馆藏地/架位号 | 状态 | 备注 |
| 1 | 0296093 | 002960932 | 第二借阅区/ [索取号:K901.4/81] | 在馆 | |
| 2 | 0296094 | 002960941 | 第二借阅区/ [索取号:K901.4/81] | 在馆 | |
| 3 | 0296095 | 002960950 | 第二借阅区/ [索取号:K901.4/81] | 在馆 | |
| 4 | 0296096 | 002960969 | 第二借阅区/ [索取号:K901.4/81] | 在馆 | |
| 5 | 0296097 | 002960978 | 第二样本阅览室/ [索取号:K901.4/81] | 在馆 |